00637nam a2200169 a 450000100100000000500170001000800410002704000250006808200140009310000370010724501160014426000370026030000310029704900090032895201130033799900170045000002272820200930021749.0100325s1991 dr 00 0 spa d aDO-SdBNPbspacBNPHU axxxxbxxx1 aFerreras, Ramón Alberto91129810aVivencias de S.F. Macorís :bLa Catedral de Santa Ana San Francisco de Macorís /cRamón Alberto Ferreras. aSanto Domingo :bOffset ,c1991. a189 p. :bretrs. ;c20 cm. aBNPD 00107-18PDaPDbPDcOId2010-11-17iLF1l0oxxxx xxxp22728-10r2020-06-25w2020-06-25yLFPDZNo se presta c22225d22225